[Event "Ste-Foy - Euwe"]
[Site "Ste-Foy CAN"]
[Date "2019.01.12"]
[Round "1"]
[White "Bedard, Maxime"]
[Black "Chabot, Michelin"]
[Result "1-0"]
[WhiteElo "1640"]
[BlackElo "1621"]
[PlyCount "67"]
[EventDate "2019.01.12"]
[EventType "swiss"]
[EventRounds "5"]
[EventCountry "CAN"]

1. e4 c5 2. Nf3 Nc6 3. d4 cxd4 4. Nxd4 a6 5. Be3 e6 6. a3 Nf6 7. Nc3 Qc7 8. f3
Ne5 9. Qd2 Nc4 10. Bxc4 Qxc4 11. O-O-O d6 12. g4 Be7 13. h4 Qc7 14. h5 b6 15.
g5 Nd7 16. g6 Ne5 17. gxf7+ Nxf7 18. Rdg1 Bf6 19. f4 Bd7 20. f5 Ne5 21. fxe6
Bc6 22. Nxc6 Qxc6 23. Qd5 Rc8 24. Qxc6+ Rxc6 25. Nd5 Nc4 26. Nxf6+ gxf6 27. Bd4
Ne5 28. Rg7 b5 29. Rb7 Rc8 30. Bc3 Rg8 31. Rxh7 Rc4 32. Ra7 Rg4 33. h6 Rcxe4
34. h7 1-0

[Event "Ste-Foy - Euwe"]
[Site "Ste-Foy CAN"]
[Date "2019.01.12"]
[Round "1"]
[White "Chouinard, Etienne"]
[Black "Lescarbeau, Martin"]
[Result "1/2-1/2"]
[WhiteElo "1862"]
[BlackElo "1666"]
[PlyCount "60"]
[EventDate "2019.01.12"]
[EventType "swiss"]
[EventRounds "5"]
[EventCountry "CAN"]

1. e4 e5 2. Nf3 Nc6 3. Nc3 Nf6 4. Nxe5 Nxe5 5. d4 Ng6 6. e5 Ng8 7. Bc4 Bb4 8.
Qf3 Bxc3+ 9. bxc3 Qe7 10. O-O Nh6 11. a4 O-O 12. Ba3 d6 13. exd6 cxd6 14. Rfe1
Qc7 15. Bb3 Be6 16. d5 Bg4 17. Qg3 Ne5 18. h3 Nf5 19. Qf4 Bxh3 20. gxh3 g6 21.
Bxd6 Qxd6 22. Qxe5 Qd7 23. c4 Rfe8 24. Qc3 Rac8 25. a5 Rxe1+ 26. Rxe1 Qd8 27.
f4 Qh4 28. Re4 Ng3 29. Re3 Nf5 30. Re4 Ng3 1/2-1/2

[Event "Ste-Foy - Euwe"]
[Site "Ste-Foy CAN"]
[Date "2019.01.12"]
[Round "1"]
[White "Dube, Daniel"]
[Black "Desbiens, Raphael"]
[Result "0-1"]
[WhiteElo "1843"]
[BlackElo "2167"]
[PlyCount "86"]
[EventDate "2019.01.12"]
[EventType "swiss"]
[EventRounds "5"]
[EventCountry "CAN"]

1. d4 Nf6 2. c4 g6 3. Nc3 Bg7 4. e4 d6 5. Nf3 O-O 6. h3 c5 7. Be2 cxd4 8. Nxd4
Nc6 9. Be3 Bd7 10. O-O Rc8 11. Rc1 a6 12. Qd2 Nxd4 13. Bxd4 Bc6 14. Qe3 Nd7 15.
Bxg7 Kxg7 16. Bg4 Qa5 17. Bxd7 Bxd7 18. b3 Bc6 19. Rfd1 b5 20. cxb5 axb5 21.
Nd5 Bxd5 22. Rxc8 Rxc8 23. Rxd5 Qxa2 24. e5 Rc5 25. Rxc5 dxc5 26. Qxc5 Qxb3 27.
Qxe7 Qe6 28. Qc5 Qc4 29. Qe7 h6 30. Qf6+ Kh7 31. f4 Qe6 32. Qd8 b4 33. Qb8 b3
34. Qb7 Qc4 35. Kh1 Qc1+ 36. Kh2 Qxf4+ 37. Kh1 Qc4 38. Kh2 Kg7 39. Qb6 Qf4+ 40.
Kh1 Qc1+ 41. Kh2 b2 42. Qf6+ Kg8 43. e6 Qc7+ 0-1

[Event "Ste-Foy - Euwe"]
[Site "Ste-Foy CAN"]
[Date "2019.01.12"]
[Round "1"]
[White "Kamara, Adama"]
[Black "Labrecque, Rejean"]
[Result "1-0"]
[WhiteElo "1659"]
[BlackElo "1857"]
[PlyCount "49"]
[EventDate "2019.01.12"]
[EventType "swiss"]
[EventRounds "5"]
[EventCountry "CAN"]

1. e4 c5 2. Nc3 Nc6 3. f4 e5 4. f5 Nf6 5. Nf3 d5 6. Bb5 Qd6 7. d3 a6 8. Bxc6+
bxc6 9. O-O Be7 10. Qe1 Nd7 11. Qg3 O-O 12. b3 f6 13. Ba3 d4 14. Na4 Re8 15. h4
Bf8 16. h5 Qe7 17. Nh4 Qf7 18. h6 Kh8 19. hxg7+ Qxg7 20. Qh3 Kg8 21. Rf3 Kf7
22. Rg3 Qh6 23. Qg4 Be7 24. Bc1 Qf8 25. Qh5# 1-0

[Event "Ste-Foy - Euwe"]
[Site "Ste-Foy CAN"]
[Date "2019.01.12"]
[Round "1"]
[White "Mercure, Gilbert"]
[Black "Sauve, Richard"]
[Result "0-1"]
[WhiteElo "1941"]
[BlackElo "1810"]
[PlyCount "48"]
[EventDate "2019.01.12"]
[EventType "swiss"]
[EventRounds "5"]
[EventCountry "CAN"]

1. e4 e6 2. d4 d5 3. e5 c5 4. c3 Nc6 5. Nf3 Qb6 6. Bd3 cxd4 7. cxd4 Bd7 8. O-O
Nxd4 9. Nbd2 Nc6 10. Nb3 a5 11. Be3 Qc7 12. Rc1 Nge7 13. Bc5 Ng6 14. Bxf8 Kxf8
15. Re1 Ke7 16. Nbd4 Qb6 17. Nb5 Ncxe5 18. Nxe5 Nxe5 19. Nc7 Qd4 20. Qh5 Nxd3
21. Rcd1 Qxf2+ 22. Kh1 Nxe1 23. Nxd5+ exd5 24. h3 Qxg2# 0-1

[Event "Ste-Foy - Euwe"]
[Site "Ste-Foy CAN"]
[Date "2019.01.12"]
[Round "1"]
[White "Milette, Patrick"]
[Black "Fecteau, Martin"]
[Result "1/2-1/2"]
[WhiteElo "1820"]
[BlackElo "1933"]
[PlyCount "69"]
[EventDate "2019.01.12"]
[EventType "swiss"]
[EventRounds "5"]
[EventCountry "CAN"]

1. c4 e5 2. g3 Nc6 3. Bg2 Nf6 4. Nc3 Bc5 5. Nf3 O-O 6. O-O Re8 7. a3 a5 8. Rb1
d5 9. cxd5 Nxd5 10. d3 h6 11. Nd2 Nf6 12. Nde4 Nxe4 13. Nxe4 Bb6 14. Bd2 f5 15.
Nc3 Be6 16. Na4 Ba7 17. b4 axb4 18. axb4 Bd5 19. Bxd5+ Qxd5 20. Nc3 Qf7 21. b5
Ne7 22. Qc1 Bb6 23. Be3 Bxe3 24. Qxe3 Nd5 25. Nxd5 Qxd5 26. Rfc1 Qf7 27. Qc5
Re7 28. Ra1 Rxa1 29. Rxa1 Kh7 30. Ra7 b6 31. Qc6 Qb3 32. Kg2 Qb2 33. Kf1 Qb1+
34. Kg2 Qb2 35. Kf1 1/2-1/2

[Event "Ste-Foy - Euwe"]
[Site "Ste-Foy CAN"]
[Date "2019.01.12"]
[Round "1"]
[White "Page, Dany"]
[Black "Poliquin, Yvon"]
[Result "1/2-1/2"]
[WhiteElo "1723"]
[BlackElo "1888"]
[PlyCount "116"]
[EventDate "2019.01.12"]
[EventType "swiss"]
[EventRounds "5"]
[EventCountry "CAN"]

1. e4 c5 2. Nf3 g6 3. d4 cxd4 4. Nxd4 Bg7 5. Nc3 Nc6 6. Be3 Nf6 7. Bc4 d6 8.
Bb3 Ng4 9. Nxc6 bxc6 10. Bg5 Qb6 11. Qd2 h6 12. Bh4 g5 13. Bg3 h5 14. Qxg5 Bh6
15. Qh4 Qc5 16. f4 Qe3+ 17. Ne2 Ba6 18. Bxf7+ Kf8 19. c4 Bg7 20. Bxh5 Nf6 21.
Bf2 Qxe4 22. Bf3 Qxc4 23. Qg5 Qb4+ 24. Kf1 Qxb2 25. Re1 Qb5 26. Qxb5 Bxb5 27.
Kg1 Bxe2 28. Rxe2 d5 29. Bc5 Re8 30. Bxa7 Kf7 31. Bd4 Rb8 32. g3 Rb4 33. Be5
Ra8 34. Kg2 Rba4 35. Ra1 Bf8 36. Rc2 e6 37. Bxf6 Kxf6 38. Rxc6 Rxa2+ 39. Rxa2
Rxa2+ 40. Kh3 d4 41. Bg4 d3 42. Rxe6+ Kf7 43. Re1 d2 44. Rd1 Bg7 45. Bf3 Ke6
46. Kg4 Bc3 47. h4 Kf6 48. Be2 Rc2 49. Kf3 Rc1 50. Ke4 Ba5 51. g4 Kg7 52. f5
Bc3 53. g5 Bb4 54. h5 Ba5 55. Kd5 Bb4 56. f6+ Kf7 57. Kd4 Bc3+ 58. Ke4 Rxd1
1/2-1/2

[Event "Ste-Foy - Euwe"]
[Site "Ste-Foy CAN"]
[Date "2019.01.12"]
[Round "1"]
[White "Sarra-Bournet, Marc"]
[Black "Sirois, Eric"]
[Result "0-1"]
[WhiteElo "1905"]
[BlackElo "1770"]
[PlyCount "108"]
[EventDate "2019.01.12"]
[EventType "swiss"]
[EventRounds "5"]
[EventCountry "CAN"]

1. e4 c5 2. Nc3 e6 3. f4 Nc6 4. Bb5 Nge7 5. Nf3 Qc7 6. d3 a6 7. Ba4 b5 8. Bb3
g6 9. O-O Bg7 10. Qe1 O-O 11. a4 b4 12. Ne2 Bb7 13. Ng3 Na5 14. Ba2 Bc6 15. Bb1
d6 16. f5 exf5 17. exf5 Nd5 18. Ng5 Rae8 19. N5e4 Bd4+ 20. Kh1 Nc3 21. Bh6 Nxe4
22. Nxe4 d5 23. Bxf8 Kxf8 24. Qh4 dxe4 25. f6 h5 26. Qg5 Re6 27. Qh6+ Ke8 28.
Qh8+ Kd7 29. Qf8 Rxf6 30. Rxf6 Bxf6 31. Qxf7+ Be7 32. Ba2 Qd6 33. Rd1 e3 34.
Re1 b3 35. cxb3 Bd5 36. Qg7 Qf4 37. Qxg6 h4 38. h3 Qf2 39. Rg1 e2 40. Qg4+ Kc6
41. Qc8+ Kb6 42. Qb8+ Nb7 43. a5+ Kc6 44. Qe8+ Kd6 45. Qg6+ Bf6 46. Kh2 Qxg1+
47. Kxg1 e1=Q+ 48. Kh2 Qe5+ 49. Kg1 Qxb2 50. d4 Qxd4+ 51. Kh2 Qe5+ 52. Kg1 Qg5
53. Qc2 Bd4+ 54. Kh1 Qg3 0-1

[Event "Ste-Foy - Euwe"]
[Site "Ste-Foy CAN"]
[Date "2019.01.12"]
[Round "1"]
[White "Tremblay, Charles"]
[Black "Oliver, Vance"]
[Result "1-0"]
[WhiteElo "1468"]
[BlackElo "1616"]
[PlyCount "101"]
[EventDate "2019.01.12"]
[EventType "swiss"]
[EventRounds "5"]
[EventCountry "CAN"]

1. c4 Nf6 2. Nc3 e6 3. Nf3 c6 4. g3 d5 5. cxd5 cxd5 6. d4 Bb4 7. Bd2 O-O 8. Bg2
Nc6 9. O-O Bd7 10. a3 Bxc3 11. Bxc3 Ne4 12. Rb1 Rc8 13. Bd2 Nxd2 14. Qxd2 Qc7
15. Rfc1 Qd6 16. e3 f6 17. Rc2 Ne7 18. Rbc1 Rxc2 19. Rxc2 Rc8 20. Rxc8+ Nxc8
21. Bh3 Nb6 22. Qc3 Na4 23. Qc2 b5 24. Nd2 f5 25. Nb3 Qc6 26. Nc5 Nb6 27. b3 a5
28. Bf1 a4 29. Bd3 axb3 30. Qxb3 Nc4 31. Qb4 Be8 32. Kg2 Kf7 33. Bc2 Qa8 34. a4
bxa4 35. Nxa4 Bxa4 36. Bxa4 Qa5 37. Qb7+ Kf6 38. Qd7 Nd2 39. Qe8 Qc7 40. Qf8+
Qf7 41. Qd6 Kg6 42. f3 Nc4 43. Qf4 Qe7 44. h4 h6 45. Bc2 Kf7 46. e4 g5 47. hxg5
hxg5 48. Qc1 Qf6 49. e5 Qg7 50. Bd3 Nb6 51. Qc7+ 1-0

[Event "Ste-Foy - Euwe"]
[Site "Ste-Foy CAN"]
[Date "2019.01.12"]
[Round "1"]
[White "Turcotte, Roger"]
[Black "Phaneuf, Vincent"]
[Result "1/2-1/2"]
[WhiteElo "1418"]
[BlackElo "1576"]
[PlyCount "74"]
[EventDate "2019.01.12"]
[EventType "swiss"]
[EventRounds "5"]
[EventCountry "CAN"]

1. d4 d5 2. e3 Nf6 3. c4 c6 4. Nf3 Nbd7 5. Nc3 e6 6. a3 dxc4 7. Bxc4 b5 8. Ba2
a6 9. b4 Bb7 10. O-O Bd6 11. Re1 O-O 12. e4 e5 13. d5 c5 14. Rb1 c4 15. Be3 Qc7
16. Qd2 Ng4 17. h3 Nxe3 18. Qxe3 h6 19. Rb2 f5 20. exf5 Rxf5 21. Bb1 Rff8 22.
Be4 Nf6 23. Rd1 Nxe4 24. Qxe4 Rf4 25. Qg6 Rf6 26. Qe4 Re8 27. Nh4 Rf4 28. Qg6
Rxh4 29. Qxe8+ Kh7 30. Re2 Rd4 31. Rxd4 exd4 32. Re6 dxc3 33. Qg6+ Kg8 34. Rxd6
c2 35. Qe6+ Kh8 36. Qe8+ Kh7 37. Qe4+ Kg8 1/2-1/2

[Event "Ste-Foy - Euwe"]
[Site "Ste-Foy CAN"]
[Date "2019.01.19"]
[Round "2"]
[White "Desbiens, Raphael"]
[Black "Nafii, Adil"]
[Result "1-0"]
[WhiteElo "2167"]
[BlackElo "1590"]
[PlyCount "121"]
[EventDate "2019.01.12"]
[EventType "swiss"]
[EventRounds "5"]
[EventCountry "CAN"]

1. e4 c5 2. Nf3 Nc6 3. d4 cxd4 4. Nxd4 e5 5. Nb5 a6 6. Nd6+ Bxd6 7. Qxd6 Qf6 8.
Qd1 Qg6 9. f3 Nf6 10. Nc3 O-O 11. Be3 Rd8 12. Bb6 Re8 13. Qd2 Ne7 14. Qd6 Nc6
15. O-O-O Re6 16. Qd2 Ne7 17. Bc5 b6 18. Bd6 Ne8 19. Ba3 b5 20. Bc5 Nc6 21. Nd5
Bb7 22. h4 d6 23. h5 Qh6 24. Be3 g5 25. Bxg5 Qf8 26. Rh4 Kh8 27. Nb6 h6 28. Be3
Rd8 29. Nd5 Ne7 30. Bxh6 Qxh6 31. Qxh6+ Rxh6 32. Nxe7 Ng7 33. g4 Rd7 34. Nd5
Bxd5 35. Rxd5 Rf6 36. Rh3 Rf4 37. Rg3 f6 38. Kd2 Ne6 39. Ke3 Ng5 40. Be2 Kh7
41. Rg1 b4 42. Rgd1 Nf7 43. Bxa6 f5 44. Bc8 Rc7 45. Bxf5+ Kh6 46. R1d2 Kg5 47.
Be6 Kh4 48. Bxf7 Rcxf7 49. Rf2 Kg3 50. Rxd6 Rxf3+ 51. Rxf3+ Rxf3+ 52. Ke2 Rf2+
53. Kd3 Rf3+ 54. Kc4 Rf4 55. Kd5 Kf3 56. g5 Rxe4 57. h6 Rh4 58. g6 e4 59. g7
Rh5+ 60. Kd4 Rh4 61. g8=Q 1-0

[Event "Ste-Foy - Euwe"]
[Site "Ste-Foy CAN"]
[Date "2019.01.19"]
[Round "2"]
[White "Michaud, Jacques"]
[Black "Kamara, Adama"]
[Result "1/2-1/2"]
[WhiteElo "1524"]
[BlackElo "1659"]
[PlyCount "81"]
[EventDate "2019.01.12"]
[EventType "swiss"]
[EventRounds "5"]
[EventCountry "CAN"]

1. d4 Nf6 2. c4 e6 3. Nc3 Bb4 4. a3 Bxc3+ 5. bxc3 c5 6. Bg5 Qa5 7. Bd2 Nc6 8.
e3 d6 9. Nf3 Qc7 10. Bd3 O-O 11. O-O e5 12. d5 Na5 13. e4 Bg4 14. h3 Bh5 15.
Bg5 Ne8 16. g4 Bg6 17. Nh4 f6 18. Nxg6 hxg6 19. Bh4 g5 20. Bg3 g6 21. Qf3 Rd8
22. Rab1 Rd7 23. Rfe1 Rh7 24. Bf1 Qd7 25. a4 b6 26. Rb5 Nc7 27. Rbb1 Qxa4 28.
Qd3 Qd7 29. f3 Ne8 30. Re2 Ng7 31. Rh2 f5 32. exf5 gxf5 33. h4 fxg4 34. fxg4
gxh4 35. Qg6 Qf7 36. Qd3 Nh5 37. gxh5 hxg3 38. Rg2 Qf3 39. Rxg3+ Rg7 40. Rxg7+
Kxg7 41. Qg6+ 1/2-1/2

[Event "Ste-Foy - Euwe"]
[Site "Ste-Foy CAN"]
[Date "2019.01.19"]
[Round "2"]
[White "Sauve, Richard"]
[Black "Foucreault, Laurent"]
[Result "1-0"]
[WhiteElo "1810"]
[BlackElo "1555"]
[PlyCount "93"]
[EventDate "2019.01.12"]
[EventType "swiss"]
[EventRounds "5"]
[EventCountry "CAN"]

1. d4 Nf6 2. c4 g6 3. Nc3 d5 4. e3 Bg7 5. Nf3 O-O 6. cxd5 Nxd5 7. Bc4 Nxc3 8.
bxc3 c5 9. O-O cxd4 10. cxd4 b6 11. Qe2 Bb7 12. Ba3 Nc6 13. Rac1 Rc8 14. Bb5
Rc7 15. Rc2 a6 16. Bd3 Qd7 17. Rfc1 Ra8 18. Be4 Rac8 19. Bd3 Ra8 20. Bc4 e6 21.
Bb3 Rac8 22. Rc3 Na5 23. Rxc7 Rxc7 24. Rxc7 Qxc7 25. Qc2 Qc6 26. Ba4 b5 27.
Qxc6 Bxc6 28. Bc2 Bd5 29. Bb1 Bf8 30. Bxf8 Kxf8 31. Kf1 Nc4 32. e4 Bc6 33. Ke2
f5 34. Ng5 fxe4 35. Nxh7+ Ke7 36. Ng5 Nd6 37. h4 b4 38. g4 Kf6 39. Ke3 Bd5 40.
Kf4 Kg7 41. Nxe6+ Kf6 42. Nc5 Nb5 43. Nxa6 b3 44. axb3 Bxb3 45. g5+ Kg7 46. Ke5
Nc3 47. Bxe4 1-0

[Event "Ste-Foy - Euwe"]
[Site "Ste-Foy CAN"]
[Date "2019.01.19"]
[Round "2"]
[White "Sirois, Eric"]
[Black "Tremblay, Charles"]
[Result "1-0"]
[WhiteElo "1770"]
[BlackElo "1468"]
[PlyCount "55"]
[EventDate "2019.01.12"]
[EventType "swiss"]
[EventRounds "5"]
[EventCountry "CAN"]

1. e4 e6 2. d4 d5 3. exd5 exd5 4. Bd3 Nf6 5. Nf3 Nbd7 6. O-O Bd6 7. Re1+ Be7 8.
Qe2 O-O 9. Qxe7 c6 10. Qxd8 Rxd8 11. Bg5 h6 12. Bh4 g5 13. Bg3 Nb6 14. Nbd2 Be6
15. h4 g4 16. Ne5 Nh5 17. Bh2 Nd7 18. Nxd7 Rxd7 19. Re5 Ng7 20. Rae1 Re8 21. f3
Rf8 22. Bf4 gxf3 23. Nxf3 h5 24. Bh6 Bg4 25. Rg5 f6 26. Rg6 Kh8 27. Nh2 Bf5 28.
Rxg7 1-0

[Event "Ste-Foy - Euwe"]
[Site "Ste-Foy CAN"]
[Date "2019.01.26"]
[Round "3"]
[White "Chouinard, Etienne"]
[Black "Milette, Patrick"]
[Result "1-0"]
[WhiteElo "1862"]
[BlackElo "1820"]
[PlyCount "73"]
[EventDate "2019.01.12"]
[EventType "swiss"]
[EventRounds "5"]
[EventCountry "CAN"]

1. e4 g6 2. d4 Bg7 3. Be3 d6 4. c3 a6 5. Nd2 b5 6. a4 bxa4 7. Qxa4+ Nd7 8. Qc6
Rb8 9. Bxa6 Rb6 10. Qa8 Bxa6 11. Rxa6 Rxa6 12. Qxa6 Ngf6 13. Ne2 O-O 14. O-O
Qb8 15. b4 Qa8 16. Ra1 Qxa6 17. Rxa6 Rb8 18. Ra5 h6 19. f3 Ne8 20. Kf2 Kh7 21.
Ke1 Nef6 22. Kd1 e6 23. Kc2 Kg8 24. Kb3 Bf8 25. c4 c5 26. dxc5 dxc5 27. b5 Nb6
28. Bf4 Rb7 29. Nc3 g5 30. Be3 Nfd7 31. Na4 Nxa4 32. Rxa4 Nb6 33. Ra6 Kg7 34.
Kc3 Be7 35. e5 f5 36. Nb3 Nd7 37. Rxe6 1-0

[Event "Ste-Foy - Euwe"]
[Site "Ste-Foy CAN"]
[Date "2019.01.26"]
[Round "3"]
[White "Kamara, Adama"]
[Black "Fecteau, Martin"]
[Result "1/2-1/2"]
[WhiteElo "1659"]
[BlackElo "1933"]
[PlyCount "119"]
[EventDate "2019.01.12"]
[EventType "swiss"]
[EventRounds "5"]
[EventCountry "CAN"]

1. e4 c5 2. Nc3 e6 3. f4 a6 4. Nf3 Nc6 5. a4 d6 6. Bc4 g6 7. d3 Bg7 8. O-O Nge7
9. Qe1 Nd4 10. Nxd4 cxd4 11. Ne2 O-O 12. Bb3 Nc6 13. Bd2 a5 14. Kh1 b6 15. Ng1
Kh8 16. Nf3 Qe7 17. c3 dxc3 18. Bxc3 f6 19. Qf2 Rb8 20. Bc4 Bd7 21. Nd4 Nxd4
22. Bxd4 Qd8 23. Rfb1 b5 24. axb5 Bxb5 25. Bc3 Bxc4 26. dxc4 Ra8 27. Ra4 f5 28.
Bxg7+ Kxg7 29. Qd4+ Kg8 30. Rd1 fxe4 31. Qxe4 Qe7 32. Re1 Rab8 33. Re2 Rf5 34.
g4 Rc5 35. Ra3 e5 36. Rf3 Qe6 37. b3 Qxg4 38. Rg2 Qh4 39. Rfg3 Qxf4 40. Rxg6+
Kh8 41. Qxf4 exf4 42. Rxd6 f3 43. Rg3 Rf8 44. Rd1 Re5 45. Rf1 Re3 46. Rg5 Rxb3
47. Rxa5 Kg7 48. h4 Rf4 49. Kh2 Rxc4 50. Kg3 f2+ 51. Kxf2 Rf4+ 52. Kg1 Rg4+ 53.
Kf2 Rf4+ 54. Kg1 Rg3+ 55. Kh2 Rfg4 56. Ra6 Rg2+ 57. Kh1 Rg6 58. Rxg6+ Rxg6 59.
h5 Rh6 60. Kg2 1/2-1/2

[Event "Ste-Foy - Euwe"]
[Site "Ste-Foy CAN"]
[Date "2019.01.26"]
[Round "3"]
[White "Lacerte, Kevin"]
[Black "Sauve, Richard"]
[Result "0-1"]
[WhiteElo "1520"]
[BlackElo "1810"]
[PlyCount "56"]
[EventDate "2019.01.12"]
[EventType "swiss"]
[EventRounds "5"]
[EventCountry "CAN"]

1. e4 e6 2. Nf3 d5 3. e5 c5 4. b4 cxb4 5. a3 Nc6 6. axb4 Bxb4 7. c3 Bf8 8. d4
Nge7 9. Bd3 Nf5 10. h4 Be7 11. g3 a6 12. Na3 Rb8 13. Ng5 g6 14. Qg4 h5 15. Qe2
b5 16. Nc2 b4 17. Bxa6 bxc3 18. Bb5 Bd7 19. Bxc6 Bxc6 20. Qd3 O-O 21. Ne3 Nxe3
22. Bxe3 Qd7 23. g4 Bb5 24. Qc2 Bc4 25. Bc1 Qb5 26. Nxe6 Bd3 27. Qxc3 Bb4 28.
Qxb4 Qxb4+ 0-1

[Event "Ste-Foy - Euwe"]
[Site "Ste-Foy CAN"]
[Date "2019.01.26"]
[Round "3"]
[White "Laflamme, Simon"]
[Black "Michaud, Jacques"]
[Result "1-0"]
[WhiteElo "1979"]
[BlackElo "1524"]
[PlyCount "41"]
[EventDate "2019.01.12"]
[EventType "swiss"]
[EventRounds "5"]
[EventCountry "CAN"]

1. d4 Nf6 2. c4 c5 3. d5 g6 4. Nc3 Bg7 5. e4 d6 6. Nf3 O-O 7. Bf4 Nfd7 8. Qd2
Ne5 9. Be2 Nxf3+ 10. Bxf3 Nd7 11. Bh6 Ne5 12. Be2 a6 13. h4 e6 14. h5 Bxh6 15.
Qxh6 g5 16. f4 f6 17. fxe5 fxe5 18. Rh3 exd5 19. Rg3 g4 20. Bxg4 Qh4 21. Be6+
1-0

[Event "Ste-Foy - Euwe"]
[Site "Ste-Foy CAN"]
[Date "2019.01.26"]
[Round "3"]
[White "Sirois, Eric"]
[Black "Desbiens, Raphael"]
[Result "0-1"]
[WhiteElo "1770"]
[BlackElo "2167"]
[PlyCount "74"]
[EventDate "2019.01.12"]
[EventType "swiss"]
[EventRounds "5"]
[EventCountry "CAN"]

1. e4 e5 2. Nf3 Nc6 3. Bb5 a6 4. Ba4 Nf6 5. d3 b5 6. Bb3 Bc5 7. Be3 d6 8. a3
O-O 9. O-O Bg4 10. h3 Bh5 11. Nbd2 Nd4 12. Ba2 Nd7 13. g4 Bg6 14. Bg5 Qe8 15.
Nh4 Ne6 16. Nxg6 fxg6 17. Be3 Kh8 18. c3 Nf4 19. d4 Bb6 20. Kh2 Qe7 21. Rg1 Nd3
22. b4 Nxf2 23. Qe2 exd4 24. Bxf2 d3 25. Qxd3 Rxf2+ 26. Rg2 Ne5 27. Qg3 Raf8
28. c4 Rxg2+ 29. Kxg2 Rf2+ 30. Kh1 Rxd2 31. c5 dxc5 32. Qf4 Rd8 33. g5 c4 34.
Rf1 Kg8 35. Bb1 Rf8 36. Qc1 Rxf1+ 37. Qxf1 Qxg5 0-1

[Event "Ste-Foy - Euwe"]
[Site "Ste-Foy CAN"]
[Date "2019.02.02"]
[Round "4"]
[White "Desbiens, Raphael"]
[Black "Sauve, Richard"]
[Result "1-0"]
[WhiteElo "2167"]
[BlackElo "1810"]
[PlyCount "73"]
[EventDate "2019.01.12"]
[EventType "swiss"]
[EventRounds "5"]
[EventCountry "CAN"]

1. e4 e6 2. d4 d5 3. Nd2 Nf6 4. e5 Nfd7 5. Bd3 c5 6. c3 Nc6 7. Ne2 cxd4 8. cxd4
f6 9. exf6 Nxf6 10. Nf3 Bd6 11. O-O O-O 12. Bf4 Bxf4 13. Nxf4 Ne4 14. Qc1 Ng5
15. Nxg5 Qxg5 16. Bxh7+ Kxh7 17. Nxe6 Qxc1 18. Nxf8+ Kg8 19. Raxc1 Kxf8 20.
Rfe1 Bd7 21. Rc5 Re8 22. Rxe8+ Bxe8 23. Rxd5 Bf7 24. Rd7 Bxa2 25. Rxb7 a5 26.
Rd7 a4 27. Kf1 Bb3 28. Ke2 Na5 29. Kd3 Nc4 30. Kc3 Nb6 31. Ra7 Nd5+ 32. Kd3
Nf4+ 33. Ke4 Nxg2 34. d5 g5 35. d6 Nf4 36. Ra8+ Kf7 37. d7 1-0

[Event "Ste-Foy - Euwe"]
[Site "Ste-Foy CAN"]
[Date "2019.02.02"]
[Round "4"]
[White "Fecteau, Martin"]
[Black "Sirois, Eric"]
[Result "1-0"]
[WhiteElo "1933"]
[BlackElo "1770"]
[PlyCount "157"]
[EventDate "2019.01.12"]
[EventType "swiss"]
[EventRounds "5"]
[EventCountry "CAN"]

1. d4 Nf6 2. c4 e6 3. g3 d5 4. Bg2 c6 5. Nf3 Nbd7 6. Qc2 Bb4+ 7. Nbd2 O-O 8.
O-O b6 9. a3 Be7 10. e4 Bb7 11. b4 c5 12. exd5 exd5 13. bxc5 bxc5 14. dxc5 dxc4
15. Nxc4 Rc8 16. Be3 Bxc5 17. Qb2 Ba6 18. Rfc1 Bxc4 19. Rxc4 Bxe3 20. Rxc8 Qxc8
21. fxe3 Qc5 22. Qd4 Re8 23. Qxc5 Nxc5 24. Rc1 Nfe4 25. Nd4 g6 26. Nc6 Nd3 27.
Rc4 Nef2 28. e4 f5 29. e5 Ng4 30. e6 Ne3 31. Rc3 Nxg2 32. Rxd3 Rxe6 33. Nxa7
Ne1 34. Rc3 Kf7 35. Kf2 h6 36. Nb5 g5 37. Re3 Nc2 38. Rc3 Rb6 39. a4 Nb4 40.
Rb3 Nd5 41. Ke2 Ke7 42. Kd3 Kd7 43. Kd4 Ne7 44. Rd3 Kc6 45. Kc4 Nc8 46. Rd5 Ra6
47. Rc5+ Kd7 48. Kb4 Rf6 49. Rc7+ Kd8 50. Rc2 f4 51. gxf4 gxf4 52. Nd4 Ne7 53.
a5 Rd6 54. Nf3 Rd3 55. Rd2 Nc6+ 56. Kb5 Nd4+ 57. Ka6 Rxd2 58. Nxd2 Kc8 59. Kb6
Kb8 60. Kc5 Nf5 61. Kd5 Nh4 62. Ke4 Ka7 63. Kxf4 Ka6 64. Nb3 Ng6+ 65. Kf5 Ne7+
66. Kf6 Nc6 67. h4 Kb5 68. Kg7 h5 69. Kg6 Kc4 70. Kxh5 Kxb3 71. a6 Kc4 72. Kg6
Kb5 73. a7 Nxa7 74. h5 Nc6 75. h6 Ne5+ 76. Kg7 Nf3 77. h7 Ng5 78. h8=Q Ne6+ 79.
Kf6 1-0

[Event "Ste-Foy - Euwe"]
[Site "Ste-Foy CAN"]
[Date "2019.02.02"]
[Round "4"]
[White "Kamara, Adama"]
[Black "Sarra-Bournet, Marc"]
[Result "1-0"]
[WhiteElo "1659"]
[BlackElo "1905"]
[PlyCount "63"]
[EventDate "2019.01.12"]
[EventType "swiss"]
[EventRounds "5"]
[EventCountry "CAN"]

1. e4 e5 2. Nf3 Nc6 3. d4 exd4 4. Bc4 Be7 5. c3 Nf6 6. e5 Ne4 7. Bd5 Ng5 8.
Nxg5 Bxg5 9. Qh5 Qe7 10. Qxg5 f6 11. Qh4 Nxe5 12. O-O c6 13. f4 Nd3 14. Bc4 Qe4
15. Qg3 Nxc1 16. Re1 d5 17. Nd2 Qe3+ 18. Rxe3+ dxe3 19. Qxe3+ Kf7 20. Bf1 Re8
21. Qf2 Nxa2 22. Rxa2 a5 23. Nb3 a4 24. Nc5 b5 25. b3 a3 26. b4 Bf5 27. Bd3
Bxd3 28. Nxd3 Re7 29. h3 Re4 30. Nc5 Rc4 31. Qh4 Rxc3 32. Qe1 1-0

[Event "Ste-Foy - Euwe"]
[Site "Ste-Foy CAN"]
[Date "2019.02.02"]
[Round "4"]
[White "Laflamme, Simon"]
[Black "Chouinard, Etienne"]
[Result "1-0"]
[WhiteElo "1979"]
[BlackElo "1862"]
[PlyCount "83"]
[EventDate "2019.01.12"]
[EventType "swiss"]
[EventRounds "5"]
[EventCountry "CAN"]

1. d4 d5 2. c4 e6 3. Nc3 Nf6 4. cxd5 exd5 5. Bg5 Nbd7 6. e3 c6 7. Bd3 Be7 8.
Nf3 Ne4 9. Bxe4 Bxg5 10. Nxg5 Qxg5 11. Bf3 Nf6 12. b4 O-O 13. b5 Re8 14. bxc6
bxc6 15. Qa4 Bg4 16. Bxg4 Nxg4 17. O-O Re6 18. Rab1 Nxe3 19. fxe3 Qxe3+ 20. Kh1
Qxc3 21. Qxa7 Rf8 22. Rb8 Rf6 23. Rxf8+ Kxf8 24. Qb8+ Ke7 25. Qc7+ Ke8 26. Rb1
Qb4 27. Qe5+ Kd7 28. Rg1 Qd6 29. Qg5 Rg6 30. Qh5 Qf4 31. Qh3+ Kd8 32. Qa3 Rh6
33. h3 Qd6 34. Qa8+ Kd7 35. Rb1 Ke6 36. Qe8+ Kf6 37. Rf1+ Kg5 38. Qe3+ Kg6 39.
Qd3+ Kh5 40. Qf5+ g5 41. Qf3+ Kg6 42. Qxf7# 1-0

[Event "Ste-Foy - Euwe"]
[Site "Ste-Foy CAN"]
[Date "2019.02.02"]
[Round "4"]
[White "Lescarbeau, Martin"]
[Black "Mercure, Gilbert"]
[Result "0-1"]
[WhiteElo "1666"]
[BlackElo "1941"]
[PlyCount "110"]
[EventDate "2019.01.12"]
[EventType "swiss"]
[EventRounds "5"]
[EventCountry "CAN"]

1. e4 d5 2. exd5 Nf6 3. d4 Bg4 4. f3 Bf5 5. Bb5+ Nbd7 6. g4 Bg6 7. h4 h5 8. g5
Nxd5 9. c4 Nb4 10. Na3 c6 11. Ba4 Qc7 12. Ne2 Bd3 13. Nf4 Nb6 14. Bxc6+ bxc6
15. Nxd3 Nxd3+ 16. Qxd3 e5 17. c5 Nd5 18. Nc4 exd4 19. Qe4+ Be7 20. Nd6+ Kf8
21. Qxd4 Bxd6 22. cxd6 Qxd6 23. Kf2 Re8 24. Bd2 Kg8 25. Bc3 Qg6 26. Rae1 Kh7
27. Re4 Nxc3 28. bxc3 c5 29. Qe3 Qc6 30. Re1 Rb8 31. Re5 Rhc8 32. Re7 Qd6 33.
Qe4+ Kg8 34. Qe5 Rb2+ 35. Re2 Rxe2+ 36. Kxe2 Qa6+ 37. Ke3 Qxa2 38. Re8+ Rxe8
39. Qxe8+ Kh7 40. Qe4+ g6 41. Qe7 Qc4 42. Qxa7 Qxc3+ 43. Kf2 Qc4 44. Ke3 Qd5
45. Qb8 Qd4+ 46. Ke2 Qxh4 47. f4 Qg4+ 48. Ke3 Qf5 49. Qb7 c4 50. Qc7 c3 51. Kf3
c2 52. Ke3 h4 53. Kf2 Kg7 54. Qc3+ Kg8 55. Qc4 Qg4 0-1

[Event "Ste-Foy - Euwe"]
[Site "Ste-Foy CAN"]
[Date "2019.02.09"]
[Round "5"]
[White "Chouinard, Etienne"]
[Black "Michaud, Jacques"]
[Result "1-0"]
[WhiteElo "1862"]
[BlackElo "1524"]
[PlyCount "57"]
[EventDate "2019.01.12"]
[EventType "swiss"]
[EventRounds "5"]
[EventCountry "CAN"]

1. e4 d5 2. exd5 Qxd5 3. Nc3 Qa5 4. d3 e5 5. Nf3 Bb4 6. Bd2 Nf6 7. a3 Bxc3 8.
Bxc3 Qd5 9. Bxe5 Bg4 10. Bxf6 Bxf3 11. Qxf3 Qxf3 12. gxf3 gxf6 13. Kd2 Rg8 14.
Re1+ Kd7 15. Bh3+ Kd6 16. Re4 Nc6 17. f4 Rae8 18. Ke3 Ne7 19. c4 f5 20. Rd4+
Nd5+ 21. Kf3 c6 22. cxd5 c5 23. Rc4 b5 24. Rc2 Kxd5 25. Bxf5 h6 26. Rhc1 Re7
27. Rxc5+ Kd4 28. Rxb5 Rge8 29. Rc4# 1-0